Top 10 Billboard Songs of 2017 - Statistics

General Stats
  • This quiz has been taken 30 times
  • The average score is 5 of 10
Answer Stats
Hint Answer % Correct
Ed Sheeran Shape of You
85%
Luis Fonsi and Daddy Yankee featuring Justin Bieber Despacito
81%
Imagine Dragons Believer
63%
The Chainsmokers feat. Halsey Closer
63%
Kendrick Lamar Humble
56%
The Chainsmokers and Coldplay Something Just Like This
33%
Migos feat. Lil Uzi Vert Bad and Boujee
26%
Bruno Mars That's What I Like
26%
Post Malone featuring Quavo Congratulations
22%
Sam Hunt Body Like a Back Road
19%
No matching quizzes found
Score Distribution
Percent of People with Each Score
Percentile by Number Answered
Your Score History
You have not taken this quiz